Κατάλογος Βιβλιοθηκών Mediterranean College

Αυτισμός / Σύγχρονη Ψυχολογική Θεώρηση (Record no. 4440)

MARC details
000 -LEADER
fixed length control field 01895cam a22002174a 4500
005 - ΗΜΕΡΟΜΗΝΙΑ ΚΑΙ ΩΡΑ ΤΕΛΕΥΤΑΙΑΣ ΕΝΗΜΕΡΩΣΗΣ
Πεδίο ελέγχου 20251209114554.0
008 - FIXED-LENGTH DATA ELEMENTS--GENERAL INFORMATION
Πεδίο ελέγχου σταθερού μήκους 250528s ||||||||||||||||||||||||d
035 ## - SYSTEM CONTROL NUMBER
System control number 19166
020 ## - ISBN
ISBN 9600107688
040 ## - ΠΗΓΗ ΚΑΤΑΛΟΓΟΓΡΑΦΗΣΗΣ
Φορέας πρωτότυπης καταλογογράφησης MC Athens Campus Library
Γλώσσα καταλογογράφησης Ελληνικά, Μοντέρνα (1453-)
Modifying agency MC Athens Campus Library
Κανόνες περιγραφικής καταλογογράφησης AACR2
245 1# - ΤΙΤΛΟΣ ΚΑΙ ΔΗΛΩΣΗ ΥΠΕΥΘΥΝΟΤΗΤΑΣ
Τίτλος Αυτισμός / Σύγχρονη Ψυχολογική Θεώρηση
250 ## - EDITION STATEMENT
Edition statement
260 ## - PUBLICATION, DISTRIBUTION, ETC.
Name of publisher, distributor, etc. Gutenberg,
Date of publication, distribution, etc. 2003
300 ## - PHYSICAL DESCRIPTION
Extent 288
520 ## - SUMMARY, ETC.
Summary, etc. Μια ουσιαστική επιστημονική εισαγωγή για όλους εκείνους που επιλέγουν να μελετήσουν τον αυτισμό στις επιστήμες της ψυχολογίας, της ιατρικής, της λογοθεραπείας και της παιδαγωγικής, σ' ένα επίπεδο προπτυχιακό και μεταπτυχιακό. Πρόλογος, Εισαγωγή, Η Ιστορία του Αυτισμού, Αυτισμός στο Επίπεδο Συμπεριφοράς, Αυτισμός στο Βιολογικό Επίπεδο, Αυτισμός στο Γνωστικό Επίπεδο: Κατανοώντας τις Γνωστικές Λειτουργίες, Αυτισμός στο Γνωστικό Επίπεδο: Εναλλακτικές Θεωρίες, Η Ταλαντούχος Μειοψηφία, Σύνδρομο Asperger, Αυτισμός και μη Αυτισμός, Άλλα Ερωτήματα: Μια Ματιά στο Μέλλον, Βιβλιογραφία, Παραρτήματα, Συμπληρωματική Βιβλιογραφία, Κλίμακες Διάγνωσης και Αξιολόγησης Παιδιών με Αυτισμό, Πίνακας Συγγραφέων και Όρων, Γλωσσάρι ΌΌρων.
700 1# - ΠΡΟΣΘΕΤΗ ΑΝΑΓΡΑΦΗ--ΦΥΣΙΚΟ ΠΡΟΣΩΠΟ
Personal name Happé, Francesca
9 (RLIN) 5407
700 1# - ΠΡΟΣΘΕΤΗ ΑΝΑΓΡΑΦΗ--ΦΥΣΙΚΟ ΠΡΟΣΩΠΟ
Personal name Στασινός Δημήτρης Π
942 ## - ADDED ENTRY ELEMENTS (KOHA)
Koha item type Books
Holdings
Τύπος τεκμηρίου Βιβλιοθήκη Τρέχουσα τοποθεσία Barcode Αριθμός εισαγωγής Ημερομηνία απόκτησης Ταξιθετικό σύμβολο Αριθμός αντιτύπου Κατάσταση απόσυρσης Κατάσταση χαμένου Κατάσταση κατεστραμμένου Μη δανεισμός Σύνολο δανεισμών Ημερομηνία τελευταίας εμφάνισης Η τιμή ισχύει από
Books MC Athens Campus Library MC Athens Campus Library 9780000044396 5134 05/06/2025 616.8982 HAP 1           05/06/2025 05/06/2025

MC Athens Campus Library
Πατησίων 94 & Κοδριγκτώνος 13, 104 34
Πελλήνης 8 & Πατησίων 107, 112 51
Τ: +30 210 8899600

MC Thessaloniki Campus Library
Ίωνος Δραγούμη 21, 54625 | Ίωνος Δραγούμη 15, 54625
Τ: +30 2310 287779 – Τ: +30 2314 440300